Language Quiz

Random Language or Letter Quiz

Starts With A, Ends With N Quiz Stats

Quiz Updated Aug 2, 2016

Challenge
Share
Tweet
Embed
Score 0/30 Timer 05:00
2 Plays Today
% Correct
again
96.3%
afternoon
96.1%
auction
96.1%
amen
96%
assassin
95.7%
aspirin
95.1%
anchorman
94.9%
amphibian
94.6%
ammunition
94.6%
acorn
94.4%
arson
94.1%
abstain
93.8%
apron
93.8%
auburn
93.4%
abandon
92.9%
% Correct
assign
92.4%
altercation
92.3%
abdomen
91.2%
ascertain
91.1%
artisan
90.9%
apparition
89.9%
aeon
89.5%
accordion
88.5%
agrarian
88%
astern
86.4%
arraign
86.3%
alpenhorn
84.8%
aspen
78.8%
andiron
78%
aileron
77.5%

You're not logged in!

Compare scores with friends on all Sporcle quizzes.
Join for Free
OR
Log In

You Might Also Like...

Show Comments

Extras

Top Quizzes Today


Score Distribution

Your Account Isn't Verified!

In order to create a playlist on Sporcle, you need to verify the email address you used during registration. Go to your Sporcle Settings to finish the process.

Report this User

Report this user for behavior that violates our Community Guidelines.

Details: